000
00302nam a22001217a 4500
008
240502b |||||||| |||| 00| 0 eng d
050
_a
PR 6015 .I53 H55 1966
_b
1
100
_a
HILTON JAMES.
245
_a
LOST HORIZON
260
_a
US
_b
NELSON DOUBLE, INC.
_c
1966
300
_a
543P.
942
_2
lcc
_c
BK
999
_c
210037
_d
210037